Countries Usher has Visited - Statistics

General Stats
  • This quiz has been taken 20 times
  • The average score is 18 of 22
Answer Stats
Continent Country % Correct
Europe France
100%
Oceania Australia
94%
Europe Denmark
94%
Europe Germany
94%
North America United States of America
94%
Europe Belgium
88%
North America Canada
88%
Asia China
88%
Asia Japan
88%
Oceania New Zealand
88%
Africa South Africa
88%
Europe Sweden
88%
Europe Switzerland
88%
Europe United Kingdom
88%
Europe Ireland
81%
Europe Netherlands
75%
Asia Philippines
75%
Asia South Korea
75%
Asia United Arab Emirates
75%
Africa Morocco
69%
Africa Ghana
63%
Asia Malaysia
56%
No matching quizzes found
Score Distribution
Percent of People with Each Score
Percentile by Number Answered
Your Score History
You have not taken this quiz